Responses for Show #3481 - Monday, October 25, 1999

Eddie Timanus game 4.

Contestants

[<< previous game]

Ann Darby, a retired investment banker from Cranford, New Jersey

Alancia Wynn, a family practice physician from Alexandria, Virginia

Eddie Timanus, a sportswriter from Reston, Virginia (whose 3-day cash winnings total $40,100)

[next game >>]

Jeopardy! Round responses

OCTOBER FEST
TV SITCOMS
EXPRESSIONS FROM HAMLET
OTTOMANIA
PORK PRODUCTS?
LETTERS & NUMBERS
    $100 16
Harvard

Eddie
    $100 2
M*A*S*H

Eddie
    $100 21
His day

Ann
    $100 26
Turkey

Eddie
    $100 11
Mia Hamm

Alancia
    $100 1
PT-109

Alancia
    $200 17
Benito Mussolini

Ann
    $200 3
3rd Rock From the Sun

Alancia
    $200 22
(Ann: What is vanity?)

Woman

AlanciaAnn
    $200 29
Harem/Seraglio

Triple Stumper
    $200 12
(Eddie: Who is "I forget"?)

Kevin Bacon

EddieAlancia
    $200 7
R2-D2

Eddie
    $300 18
(Eddie: What is Missiles in October?)

The Missiles of October

Eddie
Triple Stumper
    $300 4
George Costanza

Alancia
    $300 23
A borrower

Alancia
    $500 30
(Alancia: What is the cavalry?)

Navy

Alancia
    $300 13
Boss Hogg

Alancia
    $300 8
K-9

Alancia
    $400 19
Anwar Sadat

Eddie
    $400 5
Mad About You

Eddie
    $400 24
(Alancia: What is he?)
...
(Alex: We have a minute to go.)

the lady

Alancia
Triple Stumper
    $400 28
(Ann: What is Tehran?)

Baghdad

AlanciaAnn
    $400 14
Piggy

Alancia
    $400 9
(Alancia: What is 1?)

CK-1

Alancia
Triple Stumper
    $500 20
Ferdinand Magellan

Eddie
    $500 6
Al Bundy

Eddie
    $500 25
The breach

Triple Stumper
    $500 27
Bey

Triple Stumper
    $500 15
Canadian Bacon

Eddie
    $500 10
M-80

Ann

Scores at the first commercial break (after clue 14):

Eddie Alancia Ann
$1,000 $1,500 $500

Scores at the end of the Jeopardy! Round:

Eddie Alancia Ann
$2,300 $1,500 $200

Double Jeopardy! Round responses

ARCHIPELAGOS
OSCAR-NOMINATED SONGS
(Alex: We'll give you the song, you have to identify the movie)
GREEK MYTHOLOGY
CREATURES OF THE WILD
WOMEN WRITERS
OBSCURE WORDS
    $200 22
Pearls

Triple Stumper
    $200 1
Titanic

Eddie
    $200 6
Jason

Eddie
    $200 16
Pheasant

Eddie
    $200 11
Uncle Tom's Cabin

Ann
    $200 19
Language

Alancia
    $400 23
Germany

Ann
    $400 2
Rocky

Eddie
    $400 7
Medusa

Alancia
    $400 17
Opossum

Eddie
    $400 12
Jane Austen

Eddie
    $400 20
Jinx

Ann
    $200 28
(Ann: What is Good Hope?)
...
[The end-of-round signal sounds.]

Cape Horn

Ann
    $600 3
(Ann: What is Days of Wine and Roses?)

Breakfast at Tiffany's

Ann
Triple Stumper
    $600 8
Dionysus

Eddie
    $600 18
Gecko

Alancia
    $600 13
Stream of consciousness

Eddie
    $600 21
Overworked

Eddie
    $800 4
Song of the South

Eddie
    $800 9
River Styx

Eddie
    $800 26
Tapir

Triple Stumper
    $800 14
Evil

Triple Stumper
    $800 24
Crackle

Ann
    $1000 5
An American Tail

Eddie
    $3,700 10
(Alex: Those of you who are just tuning us in today, ladies & gentlemen, should know that Eddie does math in his head faster than anyone else in this studio!)

Pandora

Eddie
    $1000 27
(Eddie: What is a rhinoceros?)

Cape buffalo

Eddie
Triple Stumper
    $1000 15
(Ann: What is A Handmaiden's Tale?)

The Handmaid's Tale

Ann
Triple Stumper
    $1000 25
(Alex: Ann, we have less than a minute.)

a basket

Triple Stumper

Scores at the end of the Double Jeopardy! Round:

Eddie Alancia Ann
$11,200 $2,700 $200
(lock game)

[wagering suggestions for these scores]

Final Jeopardy! Round responses

THE CABINET
(Alex: We know Eddie's going to be in our Tournament of Champions, but he's coming back tomorrow to try and win his fifth game!)
AnnWhat is the Dept. of Labor?
$22
AlanciaWhat is Dept. of Transportation?
$1,000
EddieWHAT IS LABOR?
$5,200
Department of Labor

Final scores:

Eddie Alancia Ann
$16,400 $1,700 $222
4-day champion: $56,500 2nd place: Trip to Club Med, Mexico 3rd place: Ricardo Beverly Hills Big Sur Collection Luggage

Game dynamics:

Coryat scores:

Eddie Alancia Ann
$8,500 $3,200 $400
22 R
(including 1 DD),
3 W
14 R,
3 W
(including 1 DD)
7 R,
5 W
(including 1 DD)

Combined Coryat: $12,100

[game clues] [game scores] [suggest correction]

Game tape date: 1999-08-04
The J! Archive is created by fans, for fans. Scraping, republication, monetization, and malicious use prohibited; this site may use cookies and collect identifying information. See terms. The Jeopardy! game show and all elements thereof, including but not limited to copyright and trademark thereto, are the property of Jeopardy Productions, Inc. and are protected under law. This website is not affiliated with, sponsored by, or operated by Jeopardy Productions, Inc. Join the discussion at JBoard.tv.